Follow That Line: The Simpsons II Quiz Stats

 Plays Quiz Updated Dec 11, 2018

Support Sporcle.
Go Orange.
Score 0/25 Timer 07:00
7 Plays Today
% Correct
Alright, alright, you win. Heh, I see you've played Knifey-Spoony before.
93.7%
That's impossible. No one can give more than 100 percent. By definition it is the most anyone can give.
93.4%
I love that. Reminds me of elephants.
92%
No one who speaks German could be an evil man.
91.4%
No, I'm here for Microwave Cookery! ... No, wait. Coping with Senility.
89%
They'll grow back, right?
88.7%
Then we'll put you in that crooked home we saw on 60 Minutes.
87.9%
I call the big one Bitey.
85.7%
I don't know.
83.5%
Whoa, I can't believe that worked!
82.9%
It means he gets results YOU STUPID CHIEF!
82.3%
No deal, out.
81%
I think he's talking to you.
79.4%
% Correct
You don't scare me, that could be anyone's ass.
79.3%
I just want attention.
78.9%
Well, that still doesn't explain why you ate my soap. Wait, maybe it does.
78.4%
No, those people are all gristle.
77.2%
Shh! You want to get sued?
76.7%
Do what the kid says.
72.6%
Better.
67.6%
Woo-hoo!
65.9%
And how.
65.9%
That was ten minutes ago!
63.7%
I think I'm blind.
58%
You broke a promise to your child.
53.7%

From the Vault

Remove Ads.
Support Sporcle.
Get the best of Sporcle when you Go Orange. This ad-free experience offers more features, more stats, and more fun while also helping to support Sporcle. Thank you for becoming a member.

Show Comments

Extras

Top Quizzes Today


Score Distribution

Your Account Isn't Verified!

In order to create a playlist on Sporcle, you need to verify the email address you used during registration. Go to your Sporcle Settings to finish the process.

Report this User

Report this user for behavior that violates our Community Guidelines.

Details: